Les propriétés du Monopoly D-Day / 6 juin 1944 - Statistiques

Statistiques générales
  • Ce quiz a été pris 9 fois
  • Le résultat moyen est 10 sur 26
Statistiques - réponses
Hint Réponse % Correct
Jaune {Juno} beach
100%
Bleu {Omaha} beach
100%
Bleu ciel {Gold} beach
88%
Rouge {Sword} beach
88%
Violet {Sainte-Mère}-Eglise
75%
Marron {Pegasus} bridge
50%
Bleu Pointe du {Hoc}
50%
Rouge Ville de {Caen}
50%
Gares Commune d'{Arromanches}
38%
Gares Commune de {Cherbourg}
38%
Vert Commune de {Colleville}-sur-Mer
38%
Gares Commune de {Courseulles}-sur-Mer
38%
Gares Commune de {Port}-en-Bessin
38%
Rouge Commune d'{Ouistreham}
38%
Orange {Utah} beach
38%
Bleu ciel Ville de {Bayeux}
38%
Violet Ville de {Saint-Lô}
25%
Violet Commune de {Carentan}
13%
Marron Commune de {Merville}
13%
Vert Commune de {Saint-Laurent}-sur-Mer
13%
Vert Commune de {Vierville}-sur-Mer
13%
Bleu ciel {Longues}-sur-mer
13%
Orange Commune de {Azeville Crisbecq}
0%
Jaune Commune de {Hermanville}-sur-Mer
0%
Orange Commune de {Quinéville}
0%
Jaune Commune de {Ranville}
0%
Aucun quiz correspondant
Distribution des résultats
% des personnes avec chaque résultat
Percentile par nombre de réponses
Votre historique - résultats
Vous n’avez pas pris ce quiz